000 00470nam a22001937a 4500
003 MPLRDC
005 20220104124020.0
008 210129b ||||| |||| 00| 0 eng d
020 _a986-7975-62-6
082 _a422.3 OYYJ
100 _a欧阳应霁
245 _a回家真好
_c
250 _a初版
260 _a台湾
_b大块文化出版股份有限公司
_c2002
300 _b158
490 _aHOME: 01
650 _a家庭装饰
942 _cBK
_o422.3 OYYJ
999 _c15984
_d15974